UBT Library

A brief atlas of the human body / (Record no. 39237)

000 -LEADER
fixed length control field 00706cam a22002417a 4500
001 - CONTROL NUMBER
control field 13276564
005 - DATE AND TIME OF LATEST TRANSACTION
control field 20171220081230.0
008 - FIXED-LENGTH DATA ELEMENTS--GENERAL INFORMATION
fixed length control field 020904s2003 caua 000 0 eng d
010 ## - LIBRARY OF CONGRESS CONTROL NUMBER
LC control number 2003275482
020 ## - INTERNATIONAL STANDARD BOOK NUMBER
International Standard Book Number 0805353364
035 ## - SYSTEM CONTROL NUMBER
System control number (OCoLC)ocm50540984
040 ## - CATALOGING SOURCE
Original cataloging agency EUW
Transcribing agency EUW
Modifying agency UGX
-- OCL
-- OCLCQ
-- DLC
041 ## - LANGUAGE CODE
Language code of text/sound track or separate title eng
042 ## - AUTHENTICATION CODE
Authentication code lccopycat
080 ## - UNIVERSAL DECIMAL CLASSIFICATION NUMBER
Universal Decimal Classification number 611.00222 MAT
082 0# - DEWEY DECIMAL CLASSIFICATION NUMBER
Classification number 611.00222 MAT
Edition number 21
100 1# - Rafti
Rafti 6
101 ## - Shkurtesa
Shkurtesa ANA
245 12 - TITLE STATEMENT
Title A brief atlas of the human body /
Statement of responsibility, etc Matt Hutchinson, Jon Mallatt , Elaine N. Marieb ; photographs by Ralph T. Hutchings.
906 ## - LOCAL DATA ELEMENT F, LDF (RLIN)
a 7
b cbc
c copycat
d 3
e ncip
f 20
g y-gencatlg
942 ## - ADDED ENTRY ELEMENTS (KOHA)
Source of classification or shelving scheme
Item type Books
Holdings
Withdrawn status Lost status Source of classification or shelving scheme Damaged status Not for loan Permanent location Current location Date acquired Total Checkouts Full call number Barcode Date last seen Price effective from Koha item type
          UBT - Lipjan UBT - Lipjan 12/20/2017   611.00222 MAT H975a 002-29700 12/20/2017 12/20/2017 Books
UBT Library © 2015-2024. All rights reserved University Education for Business and Technology